Public land acquisition for highway purpose. (Record no. 542640)
[ view plain ]
| 000 -LEADER | |
|---|---|
| fixed length control field | 00398nam a22001217a 4500 |
| 082 ## - DEWEY DECIMAL CLASSIFICATION NUMBER | |
| Classification number | 351.8642 |
| Author Mark | LEV |
| -- | L-18, P-17 |
| 100 ## - MAIN ENTRY--PERSONAL NAME | |
| Personal name | R.Levin, David |
| 9 (RLIN) | 37892 |
| 245 ## - TITLE STATEMENT | |
| Title | Public land acquisition for highway purpose. |
| Statement of responsibility, etc. | David R. Levin |
| 260 ## - PUBLICATION, DISTRIBUTION, ETC. | |
| Place of publication, distribution, etc. | Washington U.S.A |
| Name of publisher, distributor, etc. | United States Govt.Printing Office Washington |
| Date of publication, distribution, etc. | 1943 |
| 300 ## - PHYSICAL DESCRIPTION | |
| Extent | 32, P.: |
| 526 ## - STUDY PROGRAM INFORMATION NOTE | |
| Program name | 0 |
| Interest level | 0 |
| Reading level | 0 |
| Title point value | 351_864200000000000_LEV |
| 942 ## - ADDED ENTRY ELEMENTS (KOHA) | |
| Source of classification or shelving scheme | |
| Koha item type | Book |
| Withdrawn status | Lost status | Source of classification or shelving scheme | Damaged status | Not for loan | Permanent Location | Current Location | Date acquired | Total Checkouts | Full call number | Barcode | Date last seen | Price effective from | Koha item type |
|---|---|---|---|---|---|---|---|---|---|---|---|---|---|
| Military College of Engineering (MCE) | Military College of Engineering (MCE) | 02/06/2014 | 351.8642 LEV | MCE-41136 | 02/06/2014 | 02/06/2014 | Book |
